000 00433nam a2200169Ia 4500
008 210210b1974 xxu||||| |||| 00| 0 eng d
020 _a0 06 042731 0
082 _a519.5 DOWB
100 _aDOWNIE (N M) & HEALTH (R W).
245 _aBasic statistical methods.
250 _a
260 _aLondon
_bHarper International
_c1974
300 _a355
650 _aStatistics
690 _aMathematical Statistics
906 _aSG00576
999 _c112154
_d112154